| 000 | 00753nam a2200229 a 4500 | ||
|---|---|---|---|
| 001 | BRCA_1234 | ||
| 005 | 20190320203335.0 | ||
| 008 | 010408s1989----sp-a---###---#000-0#spa-# | ||
| 020 | _a8439512112 (Obra completa) | ||
| 050 | 4 |
_aNK2395 _b.M83 1989 |
|
| 245 | 1 | 0 | _aEl mueble del siglo XX. |
| 260 |
_aBarcelona _bPlaneta-Agostini _c1989 |
||
| 300 |
_a2 v. _bil. a color _c25 cm. |
||
| 440 | 0 |
_aEl mundo de las antigüedades _94056 |
|
| 500 | _a2do. ejemplar en el Área de Investigación | ||
| 504 | _aBibliografía: p. 80 | ||
| 505 | 0 | _aContenido: v.1. Modernismo. -- v.2. Art Deco. | |
| 650 | 1 | 4 |
_aMuebles _xHistoria _ySiglo XX _94057 |
| 650 | 1 | 4 |
_aModernismo _xMuebles _ySiglo XX _94058 |
| 650 | 1 | 4 |
_aArt decó _xMuebles _ySiglo XX _94059 |
| 942 |
_2lcc _cB |
||
| 999 |
_c1104 _d1104 |
||